00938 2200313 4500001002100000005001500021035002000036007000300056008004100059020002200100040002200122082001600144084001800160090002200178100003800200245005800238250003200296300004100328650002400369700003600393850001200429504003300441264003200474336002100506337003000527338002300557999002200580990002200602INLIS00000000087912520230612104551 a0010-0623000198ta230612s2023 yoia g ind d a978-623-02-6283-8 aYOPDYOGbinderda04223a370.114 a370.114 MUH p aCB-D.11 2023-06790 aMuhammad Hakikid1993-epengarang10aPendidikan karakter /cMuhammad Hakiki, Arisman Sabir aCetakan pertama, Maret 2023 aviii, 162 halaman :bgambar ;c23 cm 4aPendidikan karakter0 aArisman Sabird1991-epengarang aYOPDYOG aBibliografi: halaman 160-16131aSleman :bDeepublish,c2023 2rdacontentateks 2rdamediaatanpa perantara 2rdacarrieravolume aCB-D.11/2023-0679 aCB-D.11/2023-0679